| 000 | 00872nam a2200205 i 4500 | ||
|---|---|---|---|
| 001 | 107543 | ||
| 003 | ES-MaACL | ||
| 005 | 20250815020950.0 | ||
| 007 | t| | ||
| 008 | 151015s1923 sp r ||||1| spa d | ||
| 100 | 1 |
_aCamino y Orellá, Joaquín Antonio del. _934083 |
|
| 245 | 1 | 0 |
_aHistoria civil, diplomática, eclesíastica, antigua y moderna de la ciudad de San Sebastián _b: con varias noticias particulares concernientes a la provincia de Guipúzcoa. _nI, _pContiene la historia de aquella ciudad en el ramo civil / _cpor Joaquín Antonio de Camino y Orella. |
| 260 |
_aMadrid : _b[s.n.], _c1923 ( _fImp. Vicente Rico) |
||
| 300 |
_a332 p. ; _c20. |
||
| 490 | 1 |
_aBiblioteca de Historia Vasca ; _v7 |
|
| 651 | 4 |
_aSan Sebastián- _xHistoria. _9144400 |
|
| 830 | 0 | 0 |
_aBiblioteca de historia vasca _v7 _9183472 |
| 852 |
_aES-MaACL _jF-526 |
||
| 999 |
_c107543 _d107543 |
||